Garantias institucionais do delegado de polc̕ia e o exercc̕io da soberania estatal

Detalles Bibliográficos
Autor principal: de Almeida, Luiz Carlos
Formato: eBook
Lenguaje:portugués
Publicado: San Pablo: Letras Jurídicas Editora, 2017
Materias:
Acceso en línea:Acceso restringido

MARC

LEADER 00000nam a22000007a 4500
005 20201231213611.0
007 cr|||| ||||
008 201231s2017 br |||||s|||| 00||0 por d
020 |a 978-85-8248-104-2 
035 |a 32491 
040 |a vLex 
090 |c 11041  |d 11041 
100 1 |a de Almeida, Luiz Carlos 
245 1 0 |a Garantias institucionais do delegado de polc̕ia e o exercc̕io da soberania estatal  |h [Recurso electrn̤ico] /  |c Luiz Carlos de Almeida 
256 |a Servicio en ln̕ea 
260 |a San Pablo:  |b Letras Jurídicas Editora,  |c 2017 
300 |a 1 recurso electrn̤ico 
500 |a Nô sem razô a Constituiȯ̂ Federal disps̥ que a seguranȧ pb︢lica ̌“dever do Estado, direito e responsabilidade de todos” (art. 144, caput). ° polc̕ia cabe, portanto, a difc̕il tarefa de estabelecer o equilb̕rio entre as exign̊cias da seguranȧ social e as legt̕imas aspiraė̳s individuais. Nô ̌fc̀il encontrar a fr̤mula conciliatr̤ia; esse, porm̌, ̌o desafio permanente aos que exercem a autoridade policial. Pode-se afirmar que a polc̕ia ̌uma faceta do poder do Estado e, exatamente, do poder de intervir por meio de ordens, normas ou providn̊cias que restringem o gozo dos direitos individuais. Esse poder nô somente ̌legt̕imo como tambm̌ essencial ao Estado Democrt̀ico de Direito, e seu exercc̕io nô comporta obstruȯ̂ sem que se negue a essn̊cia do prp̤rio Estado. Atribud̕o s̉ autoridades policiais, o poder de polc̕ia ̌exercido pela prevenȯ̂ e pela repressô. A prevenȯ̂ se faz merc ̊de provimentos, ordens e providn̊cias tendentes a proteger as coisas (polc̕ia administrativa) e as pessoas (polc̕ia de seguranȧ). A repressô, embora entregue ao Poder Judicir̀io, tem, na polc̕ia, a colaboradora permanente nessa tarefa (polc̕ia judicir̀ia). Ao Delegado de Polc̕ia cabe a direȯ̂ das investigaė̳s efetivadas pela polc̕ia judicir̀ia, assumindo o papel de primeiro garantidor dos direitos e DELEGADO_POLICIA.indd 7 09/06/2017 13:47:06 8 Garantias institucionais do delegado de polc̕ia e o exercc̕io da soberania estatal garantias fundamentais do indivd̕uo no que tange ̉eventual privaȯ̂ de sua liberdade. No Brasil, contudo, o exercc̕io da atividade policial vem enfrentando 
506 1 |a Disponible solo en los productos indicados  |d vLex Global  |d vLex Global (Academic Edition, excluding Law Schools)  |d vLex Global (U.S. Academic Edition, Law Schools)  |d vLex Global (U.S. Academic Edition, excluding Law Schools)  |d vLex Global (Academic Edition, Law Schools) 
650 0 4 |a Derecho Penal  |z Brasil 
650 0 4 |a Servicios pb︢licos  |z Brasil 
740 0 |a vLex Libros (Servicio en ln̕ea) 
856 4 0 |u http://vlex.com/source/garantias-institucionais-do-delegado-de-policia-e-o-exercicio-da-soberania-estatal-32491  |z Acceso restringido 
942 |c BOOK 
999 0 |a Criminal Law 
999 0 |a Public services